| 000 | 00520nam a2200181 i 4500 | ||
|---|---|---|---|
| 001 | 72700 | ||
| 003 | ES-MaACL | ||
| 005 | 20230906171527.0 | ||
| 007 | t| | ||
| 008 | 040902s1971 sp ||||1| spa d | ||
| 100 | 1 |
_aGodard, Jean-Luc. _957502 |
|
| 245 | 1 | 0 |
_aJean-Luc Godard / _cpor Jean-Luc Godard ; [traducción de Gustavo Londoño]. |
| 250 | _a[1ª ed.]. | ||
| 260 |
_a[Barcelona] : _bBarral, _c1971. |
||
| 300 |
_a284 p. ; _c20 cm. |
||
| 700 | 1 |
_aLondoño, Gustavo. _973222 |
|
| 852 |
_aES-MaACL _jC-49514 _bR.77920 |
||
| 999 |
_c72700 _d72700 |
||